Normal view
MARC view
- Peters, James F
Entry Personal Name
001 - CONTROL NUMBER
- control field: 36625
003 - CONTROL NUMBER IDENTIFIER
- control field: NUST
005 - DATE AND TIME OF LATEST TRANSACTION
- control field: 20210314130049.0
008 - FIXED-LENGTH DATA ELEMENTS
- fixed length control field: 210314|| aca||aabn | a|a d
040 ## - CATALOGING SOURCE
- Original cataloging agency: NUST
- Transcribing agency: NUST
100 ## - HEADING--PERSONAL NAME
- Personal name: Peters, James F
670 ## - SOURCE DATA FOUND
- Source citation: Work cat.: (NUST): Peters, James F. , Software engineering an engineering approach, 2001.
